|
|
|
|
| LEADER |
00000nas a2200000 a 4500 |
| 001 |
ssj0002626 |
| 003 |
WaSeSS |
| 005 |
20200512172242.0 |
| 006 |
m d |
| 007 |
cr n |
| 008 |
001031c19809999enkbx pss o 0 0eng c |
| 010 |
|
|
|a 2002238732
|
| 015 |
|
|
|a GBB3A4857
|2 bnb
|
| 016 |
7 |
|
|a 012433350
|2 Uk
|
| 022 |
|
|
|a 1758-5783
|l 0263-5577
|y 0263-5577
|
| 035 |
|
|
|a (WaSeSS)ssj0002626
|
| 037 |
|
|
|b MCB University Press Limited, 60/62 Toller Lane, Bradford, England BD8 9BY
|
| 040 |
|
|
|a TJC
|b eng
|e pn
|c TJC
|d OCLCQ
|d IUL
|d OCLCQ
|d F#A
|d OCLCQ
|d OCLCS
|d WAU
|d OCLCQ
|d OCLCF
|d BEDGE
|d OCLCO
|d OCLCQ
|d DLC
|d UKMGB
|d VT2
|d WaSeSS
|
| 042 |
|
|
|a pcc
|
| 043 |
|
|
|a e-uk---
|
| 050 |
0 |
0 |
|a HD28
|
| 082 |
0 |
4 |
|a 650
|
| 130 |
0 |
|
|a Industrial management & data systems (Online)
|
| 210 |
1 |
|
|a Ind. manage. data syst.
|b (Online)
|
| 222 |
|
0 |
|a Industrial management & data systems
|b (Online)
|
| 245 |
1 |
0 |
|a Industrial management & data systems
|h [electronic resource].
|
| 246 |
3 |
|
|a Industrial management and data systems
|
| 260 |
|
|
|a Bradford, England :
|b MCB University Press,
|c 1980-
|
| 362 |
1 |
|
|a Began with Vol. 80, issue 9 (1980).
|
| 500 |
|
|
|a Abstracts for 1989- also available online. As of viewing (July 18, 2002)--some issues in coverage range not yet available online.
|
| 506 |
|
|
|a License restrictions may limit access.
|
| 538 |
|
|
|a Mode of access: World Wide Web.
|
| 550 |
|
|
|a Official journal of: the Institute of Factory Management.
|
| 580 |
|
|
|a Formed by the union of: Industrial management; and: Data systems.
|
| 588 |
|
|
|a Description based on: Vol. 80, issue 9 (1980); title from introductory page, viewed July 18, 2002.
|
| 588 |
|
|
|a Latest issue consulted: Vol. 118, issue 9 (2018) (Emerald Insight website, viewed Sept. 28, 2018)
|
| 650 |
|
0 |
|a Industrial management
|v Periodicals.
|
| 650 |
|
0 |
|a Electronic data processing
|v Periodicals.
|
| 650 |
|
0 |
|a Business
|v Periodicals.
|
| 650 |
|
0 |
|a Industrial management
|z Great Britain
|v Periodicals.
|
| 650 |
|
7 |
|a Publications périodiques.
|2 eclas
|
| 650 |
|
7 |
|a Gestion industrielle.
|2 eclas
|
| 650 |
|
7 |
|a Gestion de l'information.
|2 eclas
|
| 650 |
|
7 |
|a Gestion d'entreprises.
|2 eclas
|
| 650 |
|
7 |
|a Business.
|2 fast
|0 (OCoLC)fst00842262
|
| 650 |
|
7 |
|a Electronic data processing.
|2 fast
|0 (OCoLC)fst00906956
|
| 650 |
|
7 |
|a Industrial management.
|2 fast
|0 (OCoLC)fst00971246
|
| 651 |
|
7 |
|a Great Britain.
|2 fast
|0 (OCoLC)fst01204623
|
| 655 |
|
0 |
|a Electronic journals.
|
| 710 |
2 |
|
|a Institute of Factory Management (Great Britain)
|
| 710 |
2 |
|
|a MCB University Press.
|
| 776 |
0 |
8 |
|i Print version:
|t Industrial management + data systems
|x 0263-5577
|w (DLC) 82645619
|w (OCoLC)7087002
|
| 780 |
1 |
4 |
|t Industrial management
|
| 780 |
1 |
4 |
|t Data systems
|
| 850 |
|
|
|a DLC
|
| 853 |
2 |
0 |
|8 1
|a v.
|b no.
|u 9
|v r
|i (year)
|w 9
|
| 856 |
4 |
0 |
|z Full text available from Research Library: 02/15/1992 to 1 year ago
|u https://search.proquest.com/publication/47599
|
| 863 |
4 |
1 |
|8 1.1
|a 100
|b 1
|i 2000
|